000 01138cab a2200229 4500
001 E2637
008 090401t1995 xxu||||| |||| 00| 0 eng d
035 _a(Sirsi) u40358
041 _aeng
245 _aBritish Coal Corporation v Netherlee Trust Trustees
260 _c1995
350 _a0
490 _aScots Law Times
_v1995 SLT 1038-1047(10)
520 _aSecond Division. The Lord Justice Clerk (Ross), Lords Murray and Morison. 3 February 1995. Mines and minerals - subsidence damage - land - material in infilled shaft - whether subsidence of infill material withdrawal of support from land - Coal Mining Subsidence Act 1991(c45), ss1(1) and 2(1). Mines and minerals - subsidence damage - shaft sunk for ironstone mining subsequently used in connection with coal mining operations - whether subsidence withdrawal of support in connection with coal mining operations - Coal Mining Subsidence Act 1991 (c45), ss1(1) and 2(1).
650 _aCOAL MINING SUBSIDENCE ACT 1991
650 _aINFILL
650 _aMINING
650 _aSUBSIDENCE
690 _aMINING AND MINERALS-CASE LAW
942 _n0
948 _c04/03/1997
999 _c25861
_d25861